| 000 | 03950nam a22003377a 4500 | ||
|---|---|---|---|
| 001 | TIGAL 0003 | ||
| 003 | gtcocun | ||
| 005 | 20250923173205.0 | ||
| 006 | a||||gr|||| 00| 0 | ||
| 007 | ta | ||
| 008 | 250923b2016 gt ||||| m||| 00| 0 eng d | ||
| 040 |
_agtcocun _bSPA _cgtcocun _eRDA |
||
| 041 | _aSPA TIGAL 0003 | ||
| 084 | _0TIGAL 0003 | ||
| 100 |
_aPonce Figueroa, Holger Kiyoshi Khaosai _eAutor |
||
| 245 |
_aDISEÑO DE LÍNEA BASE PARA INDICADORES AMBIENTALES EN PLANTA HIDROELÉCTRICA SANTA TERESA, SAN MIGUEL TUCURÚ, ALTA VERAPAZ/ _cHolger Kiyoshi Khaosai Ponce Figueroa. _hImpreso |
||
| 264 |
_aCobán, Alta Verapaz: _bUniversidad de San Carlos de Guatemala, Centro Universitario del Norte, Carrera de Ingeniería en Gestión Ambiental Local _c2016 |
||
| 300 |
_a135 p.: _bIlustraciones, gráficas. _c28 cm; |
||
| 300 | _cPDF | ||
| 336 |
_2rdacontenido _aTexto _btxt |
||
| 337 |
_2rdamedio _aComputadora _bn |
||
| 338 |
_2rdasoporte _aCódigo en línea _bcr |
||
| 502 | _eTIGAL 0003 | ||
| 502 |
_aTesis de grado _bCarrera de Ingeniería en Gestión Ambiental Local, _cUniversidad de San Carlos de Guatemala, Centro Universitario del Norte, Carrera de Ingeniería en Gestión Ambiental Local _d2016 _oTIGAL 0003 |
||
| 520 | 1 | 4 | _aEn los últimos años, se han impulsado numerosos programas orientados a contribuir con la implementación de una nueva y necesaria manera de enfrentar el desarrollo económico y social de los conglomerados humanos; dichos programas han sido formulados para que las personas a nivel mundial asuman sus consecuencias de una manera responsable con el medioambiente y entendiendo que repercuten en el entorno natural todas nuestras acciones, todo lo anterior buscando el desarrollo económico y social, sin comprometer a las generaciones futuras. Esto se denomina “Desarrollo Sostenible”. Todas estas iniciativas, planteadas de una manera técnica y objetiva, tienen como elemento común la utilización de indicadores ambientales que se postulan para evaluar e interpretar las condiciones y tendencias en las características registradas en el entorno geográfico desde que son propuestas. Para colaborar con el tema de indicadores ambientales, fueron analizados distintos sectores y departamentos dentro de la planta hidroeléctrica Santa Teresa, con el fin de determinar el desempeño ambiental de las actividades de operación y mantenimiento llevadas a cabo en la generación de energía eléctrica. Tomando en cuenta información que ya se tenía recabada, pero que no era analizada con un fin determinado. Con lo anterior, se realizó una recopilación de información del año 2015 y primer semestre del año 2016 en cuanto a consumo de energía eléctrica en las distintas áreas de la planta, consumo de combustibles por parte de los distintos vehículos utilizados, pesaje de residuos producidos en las distintas áreas, consumo de agua entubada per cápita y la utilización de papel en el mismo espacio de tiempo. Para finalmente poder procesar estos datos se realizaron hojas metodológicas en las cuales fueron recopilados los distintos parámetros medidos para poder generar los resultados y la discusión de los mismos. Llegando a la conclusión final de que la operación de una planta hidroeléctrica no representa un impacto mayor al de una vivienda familiar, ya que los residuos que allí se producen o los materiales utilizados no son dispuestos de manera incorrecta. |
| 650 | 1 | 4 |
_2LEMB _aTucurú, Alta Verapaz _xIngeniería en Gestión Ambiental Local _xDesarrollo económico _xEntorno natural _xDesarrollo sostenible _xIndicadores ambientales _xEnergía eléctrica |
| 700 |
_aIng. Agr. Nery Alejandro Chocooj Barrientos _eAsesor |
||
| 856 |
_uhttps://drive.google.com/file/d/1kKL0R_2wfZqjDqlNOYMZT8QSTm_xFnRG/view _yPDF _zUn ejemplar en línea. |
||
| 942 |
_2ddc _cTES _iTIGAL 0003 _kClasificación _n0 _6TIGAL_0003_000000000000000 |
||
| 999 |
_c2089 _d2089 |
||